[Event "Sparkassen-Open A"]
[Site "Heusenstamm, Martinsee"]
[Date "2015.11.27"]
[Round "3.38"]
[White "Orwatsch, Gerhard"]
[Black "Neukirchner, Pascal"]
[Result "0-1"]
[WhiteElo "2077"]
[BlackElo "1910"]
[PlyCount "146"]
[EventDate "2015.??.??"]
[WhiteTeam "SK Gießen"]
[BlackTeam "SK Gründau"]

1. d4 Nf6 2. Nf3 e6 3. Bf4 d5 4. e3 Be7 5. h3 O-O 6. Nbd2 Nbd7 7. Bd3 c5 8. c3
c4 9. Bc2 b5 10. e4 dxe4 11. Nxe4 Nd5 12. Bd2 Bb7 13. O-O N7f6 14. Nxf6+ Bxf6
15. Qe2 Rc8 16. Ne5 g6 17. Ng4 Bg7 18. Nh6+ Kh8 19. Ng4 a5 20. f4 Qb6 21. Ne5
Rc7 22. Kh2 Kg8 23. Be4 f6 24. Nf3 Qd6 25. g3 b4 26. Rfe1 Re8 27. Bc2 Qc6 28.
Nh4 f5 29. Ng2 a4 30. Ne3 Nxe3 31. Bxe3 b3 32. axb3 axb3 33. Bb1 Rcc8 34. Bd2
Kf7 35. Rg1 Ra8 36. Rxa8 Rxa8 37. g4 Ra1 38. Re1 Bf6 39. Kg3 Ra8 40. Rg1 Rg8
41. g5 Be7 42. h4 h6 43. Qf2 Bd6 44. Kh3 hxg5 45. fxg5 Rh8 46. Bf4 Bxf4 47.
Qxf4 Qf3+ 48. Qxf3 Bxf3 49. Kg3 Bd5 50. Rf1 Ra8 51. Kf2 Ke7 52. Ke3 Rh8 53. Rf4
Kd6 54. Ke2 Ra8 55. Rf1 e5 56. dxe5+ Kxe5 57. h5 Be4 58. Bxe4 Kxe4 59. hxg6 Rg8
60. Rd1 Kf4 61. Rd4+ Kg3 62. Rxc4 f4 63. Rc7 f3+ 64. Kf1 Rxg6 65. Rf7 Ra6 66.
Ke1 Kg2 67. g6 Re6+ 68. Kd2 Rxg6 69. Ke3 Re6+ 70. Kd3 f2 71. Rg7+ Kf1 72. Kd2
Rd6+ 73. Kc1 Rd3 0-1

[Event "Sparkassen-Open A"]
[Site "Heusenstamm, Martinsee"]
[Date "2015.11.27"]
[Round "3.40"]
[White "Lotz, Ralf"]
[Black "Rosenberger, Frank"]
[Result "1/2-1/2"]
[WhiteElo "1904"]
[BlackElo "2070"]
[PlyCount "67"]
[EventDate "2015.??.??"]
[WhiteTeam "SC Obertshausen"]
[BlackTeam "SK Gernsheim"]

1. d4 d5 2. Nf3 c6 3. c4 e6 4. e3 Nf6 5. Bd3 Nbd7 6. Nc3 dxc4 7. Bxc4 b5 8. Bd3
Bb7 9. O-O a6 10. Bd2 c5 11. dxc5 Nxc5 12. Be2 Be7 13. Nd4 O-O 14. a3 Qd7 15.
b4 Nce4 16. Be1 Rfd8 17. Nxe4 Nxe4 18. f3 Nf6 19. Bf2 e5 20. Nb3 Rac8 21. e4
Qe6 22. Qb1 Nd7 23. Qb2 Nb6 24. Nc5 Bxc5 25. bxc5 Na4 26. Qb4 Bc6 27. Rfd1 Be8
28. h3 h6 29. Rxd8 Rxd8 30. Rd1 Rxd1+ 31. Bxd1 Kh7 32. Bxa4 bxa4 33. Qc3 f6 34.
Kh2 1/2-1/2

[Event "Sparkassen-Open A"]
[Site "Heusenstamm, Martinsee"]
[Date "2015.11.27"]
[Round "3.41"]
[White "Weil, Volker"]
[Black "Eg, Karlheinz"]
[Result "1-0"]
[WhiteElo "2065"]
[BlackElo "1861"]
[PlyCount "65"]
[EventDate "2015.??.??"]
[WhiteTeam "SC Steinbach"]
[BlackTeam "SV Rüsselsheim"]

1. d4 Nf6 2. Nf3 g6 3. g3 d5 4. Bg2 Bg7 5. O-O O-O 6. c4 e6 7. Qc2 c6 8. Rd1
Nbd7 9. b3 Ne4 10. Bb2 b6 11. Ne5 Nxe5 12. dxe5 Nc5 13. e4 Bb7 14. b4 Na6 15.
b5 cxb5 16. cxd5 Rc8 17. Qe2 exd5 18. exd5 Qd7 19. Nc3 Nc7 20. d6 Bxg2 21. Kxg2
Ne6 22. Nd5 Kh8 23. f4 Rc5 24. Rd2 Rfc8 25. Ne7 Re8 26. Rad1 Bh6 27. Qf3 Bg7
28. h4 h5 29. Nd5 Rec8 30. Ne7 Re8 31. f5 Nf8 32. e6 fxe6 33. f6 1-0

[Event "Sparkassen-Open A"]
[Site "Heusenstamm, Martinsee"]
[Date "2015.11.27"]
[Round "3.42"]
[White "Larem, Peter"]
[Black "Pawelzik, Malte"]
[Result "1/2-1/2"]
[WhiteElo "1860"]
[BlackElo "2056"]
[PlyCount "48"]
[EventDate "2015.??.??"]
[WhiteTeam "SG Rödermark"]
[BlackTeam "SC Garching"]

1. e4 e6 2. d4 d5 3. Nc3 Bb4 4. e5 c5 5. a3 Bxc3+ 6. bxc3 Ne7 7. Qg4 cxd4 8.
Qxg7 Rg8 9. Qxh7 Qc7 10. Ne2 Nbc6 11. f4 dxc3 12. Qd3 d4 13. Nxd4 Nxd4 14. Qxd4
Bd7 15. a4 Nf5 16. Qf2 O-O-O 17. Qxa7 Qc6 18. Be3 Qe4 19. Qa8+ Kc7 20. Qa5+ Kb8
21. Qa7+ Kc8 22. Qa8+ Kc7 23. Qa5+ Kb8 24. Qa7+ Kc7 1/2-1/2

[Event "Sparkassen-Open A"]
[Site "Heusenstamm, Martinsee"]
[Date "2015.11.27"]
[Round "3.43"]
[White "Werner, Dimo"]
[Black "Deppe, Leo"]
[Result "1-0"]
[WhiteElo "2052"]
[BlackElo "1852"]
[PlyCount "45"]
[EventDate "2015.??.??"]
[WhiteTeam "TSV Schott Mainz"]
[BlackTeam "SC Bad Soden"]

1. d4 Nf6 2. Nf3 e6 3. c4 d5 4. Nc3 Be7 5. Bg5 Nbd7 6. e3 b6 7. cxd5 exd5 8.
Bb5 Bb7 9. Ne5 O-O 10. Nc6 Bxc6 11. Bxc6 Rc8 12. O-O h6 13. Bh4 Kh8 14. Qa4 a5
15. Rac1 Rg8 16. Bg3 Nf8 17. Nb5 Ne6 18. Qb3 Ne4 19. Qxd5 Qxd5 20. Bxd5 Nxg3
21. hxg3 Rgd8 22. Na7 Rb8 23. Bxe6 1-0

[Event "Sparkassen-Open A"]
[Site "Heusenstamm, Martinsee"]
[Date "2015.11.27"]
[Round "3.44"]
[White "Ciesla, Daniel"]
[Black "Eichner, Christian"]
[Result "0-1"]
[WhiteElo "1848"]
[BlackElo "2051"]
[PlyCount "58"]
[EventDate "2015.??.??"]
[WhiteTeam "SG Hermeskeil"]
[BlackTeam "SV TuR Dresden"]

1. d4 Nf6 2. Nc3 d5 3. Bg5 Ne4 4. Nxe4 dxe4 5. e3 g6 6. c3 Bg7 7. Bc4 O-O 8.
Qc2 h6 9. Bh4 g5 10. Bg3 Bf5 11. O-O-O Nd7 12. h4 g4 13. Ne2 Nb6 14. Bb3 a5 15.
a3 a4 16. Ba2 c6 17. Nf4 Nd5 18. Nxd5 cxd5 19. f3 Qd7 20. fxg4 Bxg4 21. Rdf1 h5
22. Qf2 Ra6 23. Bb1 Qb5 24. Bc2 Rf6 25. Qe1 Rb6 26. Kd2 Rc8 27. Qa1 Qe2+ 28.
Kc1 Qxe3+ 29. Kb1 Qxg3 0-1

[Event "Sparkassen-Open A"]
[Site "Heusenstamm, Martinsee"]
[Date "2015.11.27"]
[Round "3.45"]
[White "Berner, Manfred"]
[Black "Konik, Michael"]
[Result "0-1"]
[WhiteElo "1761"]
[BlackElo "2049"]
[PlyCount "116"]
[EventDate "2015.??.??"]
[WhiteTeam "Sfr. Kelkheim"]
[BlackTeam "SK Mainaschaff"]

1. e4 d5 2. exd5 Nf6 3. Nc3 Nxd5 4. Nxd5 Qxd5 5. Qf3 Qa5 6. Bc4 e6 7. Qb3 Qe5+
8. Ne2 Nc6 9. c3 Bd6 10. d4 Qf6 11. Ng3 Qg6 12. Qb5 Bd7 13. Qg5 Ne7 14. O-O Bc6
15. Bb5 O-O-O 16. Bxc6 Nxc6 17. b4 Qd3 18. Qe3 Qc4 19. Bd2 e5 20. dxe5 Bxe5 21.
b5 Qxb5 22. Rab1 Qd3 23. Ne4 f5 24. Nc5 Qxd2 25. Qf3 Qf4 26. Qxf4 Bxf4 27. Ne6
Be5 28. Nxd8 Rxd8 29. Rb3 b6 30. g3 Rd3 31. Rc1 f4 32. Rc2 f3 33. Rc1 Na5 34.
Rb4 Bxc3 35. Re4 Bf6 36. Re3 Rxe3 37. fxe3 c5 38. Kf2 c4 39. Kxf3 c3 40. Ke4
Nc4 41. Kd3 Nxe3 42. h4 Nd5 43. Ke4 Nb4 44. a3 Nc6 45. g4 h6 46. g5 hxg5 47.
hxg5 Bxg5 48. Rxc3 Kd7 49. Rd3+ Kc7 50. Rc3 Bf6 51. Rc2 Kd6 52. Rd2+ Nd4 53.
Rd3 Kc5 54. Rc3+ Kb5 55. Kd5 Ka4 56. Rc7 a5 57. Rb7 b5 58. Kc5 Kxa3 0-1

[Event "Sparkassen-Open A"]
[Site "Heusenstamm, Martinsee"]
[Date "2015.11.27"]
[Round "3.46"]
[White "Trumpp, Lothar"]
[Black "Klebs, Sebastian"]
[Result "1-0"]
[WhiteElo "2049"]
[BlackElo "1828"]
[PlyCount "45"]
[EventDate "2015.??.??"]
[WhiteTeam "VSG Offenbach"]
[BlackTeam "Karlsruher SF"]

1. Nc3 d5 2. e4 dxe4 3. Nxe4 e6 4. d4 Nf6 5. Nxf6+ Qxf6 6. Nf3 h6 7. Be3 Nd7 8.
c3 Bd6 9. Bd3 O-O 10. O-O c5 11. dxc5 Bxc5 12. Qe2 Bxe3 13. Qxe3 Nb6 14. Ne5
Nd5 15. Qe4 g6 16. Rad1 Qe7 17. Bb1 Nf6 18. Qh4 Kg7 19. Rd3 Nd5 20. Qd4 Qf6 21.
Rf3 Qe7 22. Nxg6+ e5 23. Nxe7 1-0

[Event "Sparkassen-Open A"]
[Site "Heusenstamm, Martinsee"]
[Date "2015.11.27"]
[Round "3.47"]
[White "Christen, Stefan"]
[Black "Euler, Stephan"]
[Result "0-1"]
[WhiteElo "1820"]
[BlackElo "2046"]
[PlyCount "50"]
[EventDate "2015.??.??"]
[WhiteTeam "SV Wesel"]
[BlackTeam "SC Ladja Roßdorf"]

1. Nf3 e6 2. d4 f5 3. b3 d5 4. e3 Nf6 5. Bd3 Bd6 6. Bb2 O-O 7. O-O Nbd7 8. Ne5
Bxe5 9. dxe5 Ng4 10. Be2 Ngxe5 11. f4 Nf7 12. g4 fxg4 13. Bxg4 Nf6 14. Rf2 Qe7
15. Rg2 e5 16. Bxc8 Raxc8 17. Qf3 exf4 18. Nd2 Ne5 19. Qxf4 Ng6 20. Qg5 Rce8
21. Bxf6 Rxf6 22. Qxd5+ Kh8 23. Rg3 Rd8 24. Qg2 Nh4 25. Qe4 Re6 0-1

[Event "Sparkassen-Open A"]
[Site "Heusenstamm, Martinsee"]
[Date "2015.11.27"]
[Round "3.48"]
[White "Berberich, Christoph"]
[Black "Hinrichs, Paul"]
[Result "1-0"]
[WhiteElo "2037"]
[BlackElo "1711"]
[PlyCount "47"]
[EventDate "2015.??.??"]
[WhiteTeam "SK Freiburg-Zähringen 1887"]
[BlackTeam "SK Bingen"]

1. d4 d5 2. Nf3 Nf6 3. c4 c6 4. e3 e6 5. Nbd2 Nbd7 6. Bd3 Be7 7. O-O O-O 8. e4
dxc4 9. Nxc4 c5 10. Bc2 cxd4 11. e5 Nd5 12. Qxd4 Nc5 13. Rd1 b5 14. Nd6 Bxd6
15. exd6 Nd7 16. Bg5 N7f6 17. Qh4 h6 18. Bxh6 gxh6 19. Qxh6 Qb6 20. Qg5+ Kh8
21. Rxd5 exd5 22. Qxf6+ Kg8 23. Qg5+ Kh8 24. Qh6+ 1-0

[Event "Sparkassen-Open A"]
[Site "Heusenstamm, Martinsee"]
[Date "2015.11.27"]
[Round "3.49"]
[White "Schellen, Sven"]
[Black "Kolker, Vladislav"]
[Result "1/2-1/2"]
[WhiteElo "1813"]
[BlackElo "2029"]
[PlyCount "102"]
[EventDate "2015.??.??"]
[WhiteTeam "SF Frankfurt"]
[BlackTeam "SC Bad Nauheim"]

1. d4 Nf6 2. c4 g6 3. Nc3 Bg7 4. Nf3 O-O 5. Bf4 d6 6. e3 Nbd7 7. Be2 a6 8. O-O
Qe8 9. Nd5 Nxd5 10. cxd5 Nf6 11. Qb3 b6 12. Bd3 Nh5 13. Bg3 Nxg3 14. hxg3 e6
15. dxe6 fxe6 16. Rac1 Qe7 17. Rc2 Bb7 18. Rfc1 Rac8 19. Qa3 c5 20. dxc5 bxc5
21. b4 cxb4 22. Qxb4 Rxc2 23. Rxc2 Bxf3 24. gxf3 Rxf3 25. Bxa6 Bf8 26. a4 Qa7
27. Qb7 Qxb7 28. Bxb7 Rf7 29. Bc8 Ra7 30. Bxe6+ Kg7 31. Rc4 Be7 32. Bd5 h5 33.
Kf1 g5 34. Ke2 Kf6 35. Kd3 Ke5 36. Rd4 Ra5 37. f4+ gxf4 38. exf4+ Kf5 39. Bf3
Ke6 40. Bc6 d5 41. Ke2 Bf6 42. Rb4 Rc5 43. Be8 d4 44. Rb5 Rc2+ 45. Kd1 Rg2 46.
Bxh5 Rxg3 47. a5 Ra3 48. Bg4+ Kf7 49. Bc8 d3 50. Rd5 Bc3 51. Rxd3 Ra1+ 1/2-1/2

[Event "Sparkassen-Open A"]
[Site "Heusenstamm, Martinsee"]
[Date "2015.11.27"]
[Round "3.50"]
[White "Rolf, Marco"]
[Black "Weiland, Thomas"]
[Result "1-0"]
[WhiteElo "2023"]
[BlackElo "1812"]
[PlyCount "43"]
[EventDate "2015.??.??"]
[WhiteTeam "SK Bad Homburg"]
[BlackTeam "SV Oberursel"]

1. d4 f5 2. Nc3 Nf6 3. Bg5 g6 4. h4 h6 5. Bxf6 exf6 6. Nh3 g5 7. e4 g4 8. Bc4
Bb4 9. Nf4 Bxc3+ 10. bxc3 Qe7 11. Ng6 Qxe4+ 12. Kd2 d5 13. Re1 dxc4 14. Nxh8
Nc6 15. Rxe4+ fxe4 16. Rb1 a6 17. Qe2 Bf5 18. Rxb7 O-O-O 19. Nf7 Kxb7 20. Nxd8+
Nxd8 21. Qxc4 Nc6 22. Qf7 1-0

[Event "Sparkassen-Open A"]
[Site "Heusenstamm, Martinsee"]
[Date "2015.11.27"]
[Round "3.51"]
[White "Jordake, Michael"]
[Black "Mock, Oskar"]
[Result "0-1"]
[WhiteElo "1810"]
[BlackElo "2015"]
[PlyCount "100"]
[EventDate "2015.??.??"]
[WhiteTeam "SC Bergen-Enkheim"]
[BlackTeam "Stuttgarter SF"]

1. Nc3 d5 2. e4 d4 3. Nce2 d3 4. cxd3 Qxd3 5. Ng3 Qd8 6. Bc4 e6 7. N1e2 Nc6 8.
O-O Bc5 9. d3 Nf6 10. Bd2 O-O 11. Bc3 e5 12. h3 Qd6 13. a3 a5 14. Qc2 Bd7 15.
Kh1 h5 16. Ng1 Ne7 17. Nf3 Ng6 18. Rad1 c6 19. Qd2 b5 20. Nf5 Bxf5 21. exf5
bxc4 22. fxg6 e4 23. dxe4 Qxd2 24. gxf7+ Rxf7 25. Nxd2 Nd7 26. f3 Nb6 27. f4
Be3 28. g3 Rd7 29. Nf3 Re7 30. Be5 Na4 31. Nd4 Rxe5 32. fxe5 Nxb2 33. Nxc6 Nxd1
34. Rxd1 c3 35. Ne7+ Kh7 36. Nd5 c2 37. Nxe3 cxd1=Q+ 38. Nxd1 Rc8 39. Kg2 Rc1
40. e6 Kg8 41. Ne3 Rc3 42. Nf5 Kf8 43. e7+ Kf7 44. Nxg7 Kxe7 45. Nxh5 Rxa3 46.
Nf4 Rb3 47. h4 a4 48. Kh3 a3 49. Ne2 a2 50. Nc1 Rxg3+ 0-1

[Event "Sparkassen-Open A"]
[Site "Heusenstamm, Martinsee"]
[Date "2015.11.27"]
[Round "3.52"]
[White "Von Auer, Ulrich"]
[Black "Neubauer, Robert"]
[Result "1-0"]
[WhiteElo "2014"]
[BlackElo "1810"]
[PlyCount "57"]
[EventDate "2015.??.??"]
[WhiteTeam "SF Frankfurt"]
[BlackTeam "SK Bad Homburg"]

1. d4 Nf6 2. c4 g6 3. Nc3 d5 4. cxd5 Nxd5 5. e4 Nxc3 6. bxc3 Bg7 7. Nf3 O-O 8.
Be3 c5 9. Qd2 Qa5 10. Rc1 Rd8 11. d5 Bg4 12. Be2 Nd7 13. h3 Bxf3 14. Bxf3 b5
15. O-O Qa4 16. Rfe1 b4 17. cxb4 cxb4 18. Bd4 Bxd4 19. Qxd4 a5 20. Qb2 Rac8 21.
Bg4 Qb5 22. e5 Rxc1 23. Qxc1 Nc5 24. Be2 Qb6 25. Bc4 Na4 26. d6 exd6 27. e6
fxe6 28. Rxe6 Kh8 29. Qf4 1-0

[Event "Sparkassen-Open A"]
[Site "Heusenstamm, Martinsee"]
[Date "2015.11.27"]
[Round "3.53"]
[White "Bengsch, Norbert"]
[Black "Calvi, Stefan"]
[Result "0-1"]
[WhiteElo "1800"]
[BlackElo "2013"]
[PlyCount "82"]
[EventDate "2015.??.??"]
[WhiteTeam "SG Donautal Tuttlingen"]
[BlackTeam "SF Frankfurt"]

1. e4 c5 2. c3 d5 3. exd5 Qxd5 4. d4 Nc6 5. Nf3 Bg4 6. Be2 e6 7. h3 Bh5 8. O-O
Nf6 9. Be3 cxd4 10. Nxd4 Bxe2 11. Qxe2 Bc5 12. Nxc6 Qxc6 13. Nd2 O-O 14. Bxc5
Qxc5 15. Nb3 Qc7 16. Rfd1 e5 17. Rd2 Rae8 18. Rad1 Re7 19. Qe3 b6 20. Nc1 Nd7
21. Nd3 f5 22. Nb4 Nf6 23. Nd5 Nxd5 24. Rxd5 e4 25. Qd4 h6 26. Rd7 Rxd7 27.
Qxd7 Qxd7 28. Rxd7 Rf7 29. Rxf7 Kxf7 30. Kf1 Ke6 31. Ke2 f4 32. g3 g5 33. b3 h5
34. a3 Ke5 35. Kd2 e3+ 36. fxe3 fxg3 37. Ke2 Ke4 38. a4 g2 39. Kf2 g1=Q+ 40.
Kxg1 Kxe3 41. Kg2 Kd3 0-1

[Event "Sparkassen-Open A"]
[Site "Heusenstamm, Martinsee"]
[Date "2015.11.27"]
[Round "3.54"]
[White "Zerhusen, Martin"]
[Black "Küpper, Martin"]
[Result "0-1"]
[WhiteElo "1762"]
[BlackElo "2013"]
[PlyCount "84"]
[EventDate "2015.??.??"]
[WhiteTeam "SV Oberursel"]
[BlackTeam "SC Fulda"]

1. d4 Nf6 2. c4 g6 3. Nc3 d5 4. e3 Bg7 5. Nf3 O-O 6. Be2 c5 7. O-O dxc4 8. Bxc4
Nc6 9. dxc5 Qa5 10. a3 Qxc5 11. Be2 Bf5 12. Bd2 Rfd8 13. Rc1 e5 14. Nh4 Be6 15.
Qc2 Qe7 16. Rcd1 Rac8 17. Bc1 Nd5 18. Nf3 Na5 19. Nxd5 Bxd5 20. Qb1 e4 21. Nd4
Nc4 22. b4 a5 23. h3 Bf8 24. Nc2 Qc7 25. Rfe1 Qb6 26. Rd4 a4 27. Red1 Be6 28.
Bxc4 Bxc4 29. Rxd8 Rxd8 30. Rxd8 Qxd8 31. Nd4 Qd5 32. Qc2 b5 33. Qd1 h5 34. Qd2
Bd6 35. h4 Be5 36. Bb2 Bf6 37. g3 Qd7 38. Kh2 Bf1 39. f4 exf3 40. Kg1 Be2 41.
Kf2 Qh3 42. Nxf3 Qf1# 0-1

[Event "Sparkassen-Open A"]
[Site "Heusenstamm, Martinsee"]
[Date "2015.11.27"]
[Round "3.55"]
[White "Kagan, Dennis"]
[Black "Rüll, Michael"]
[Result "1/2-1/2"]
[WhiteElo "2009"]
[BlackElo "1759"]
[PlyCount "33"]
[EventDate "2015.??.??"]
[WhiteTeam "SG Porz"]
[BlackTeam "SC Obertshausen"]

1. e4 c5 2. Nf3 Nc6 3. Bb5 g6 4. O-O Bg7 5. c3 d6 6. Bxc6+ bxc6 7. h3 Nf6 8.
Re1 O-O 9. d4 cxd4 10. cxd4 c5 11. e5 Nd5 12. exd6 cxd4 13. dxe7 Nxe7 14. Bg5
Re8 15. Qb3 Be6 16. Rxe6 fxe6 17. Qxe6+ 1/2-1/2

[Event "Sparkassen-Open A"]
[Site "Heusenstamm, Martinsee"]
[Date "2015.11.27"]
[Round "3.56"]
[White "Schneider, Johannes"]
[Black "Lasschuit, Rene"]
[Result "0-1"]
[WhiteElo "1998"]
[BlackElo "1726"]
[PlyCount "120"]
[EventDate "2015.??.??"]
[WhiteTeam "SV Mainz-Mombach"]
[BlackTeam "SV Berolina Mitte"]

1. e4 c5 2. Nf3 e6 3. d4 cxd4 4. Nxd4 Nf6 5. Nc3 Bb4 6. f3 O-O 7. Bd2 Nc6 8.
Nxc6 dxc6 9. Bd3 e5 10. Qe2 Be6 11. a3 Be7 12. g4 b5 13. h4 a5 14. Be3 Nd7 15.
Kf1 Nc5 16. Rd1 Qc7 17. h5 b4 18. Nb1 Rfd8 19. g5 Rab8 20. g6 h6 21. gxf7+ Bxf7
22. Rg1 Kh8 23. Qg2 Rg8 24. Nd2 Nxd3 25. cxd3 bxa3 26. bxa3 Bxa3 27. Nc4 Bxc4
28. dxc4 Qf7 29. Qg3 Qxc4+ 30. Kg2 Qe2+ 31. Qf2 Qxf2+ 32. Kxf2 Rb2+ 33. Kg3 Re2
34. Bb6 Bb4 35. Ra1 Ra8 36. Rgb1 c5 37. Rc1 a4 38. Bxc5 Bd2 39. Rc4 Bf4+ 40.
Kg4 Rg2+ 41. Kf5 Rg5+ 42. Ke6 Rxh5 43. Raxa4 Rxa4 44. Rxa4 Rh3 45. Ra3 Rg3 46.
Bd6 Rg6+ 47. Kd5 Rg5 48. Ra8+ Kh7 49. Re8 h5 50. Rb8 h4 51. Be7 Rh5 52. Bc5 h3
53. Rb1 h2 54. Rh1 Rh3 55. Bd6 Rh5 56. Bc5 Kg6 57. Ke6 Rg5 58. Bb6 Rg2 59. Bc5
Kh5 60. Bd6 Rg1 0-1

[Event "Sparkassen-Open A"]
[Site "Heusenstamm, Martinsee"]
[Date "2015.11.27"]
[Round "3.57"]
[White "Reinhold, Günther"]
[Black "Westphal, Norbert"]
[Result "0-1"]
[WhiteElo "1713"]
[BlackElo "1987"]
[PlyCount "62"]
[EventDate "2015.??.??"]
[WhiteTeam "Frankfurter TV"]
[BlackTeam "BSV Chemie Radebeul"]

1. e4 Nf6 2. e5 Nd5 3. d4 d6 4. Nf3 dxe5 5. Nxe5 c6 6. Be2 Nd7 7. Nf3 g6 8. c4
Nc7 9. Nc3 Bg7 10. O-O O-O 11. Re1 Re8 12. Bg5 Ne6 13. Be3 Qc7 14. Qc2 Nf6 15.
h3 Bd7 16. Rac1 Nf4 17. Ne5 Bf5 18. Qd2 Nxe2+ 19. Qxe2 Rad8 20. Red1 Be6 21.
Bf4 Qa5 22. a3 Qa6 23. Ra1 Nh5 24. Bh2 Bxe5 25. Bxe5 Bxc4 26. Qe3 Bd5 27. g4
Ng7 28. Qh6 f6 29. Bg3 b6 30. g5 Nf5 31. Nxd5 Rxd5 0-1

[Event "Sparkassen-Open A"]
[Site "Heusenstamm, Martinsee"]
[Date "2015.11.27"]
[Round "3.58"]
[White "Köllner, Ruben Gideon"]
[Black "Papadopoulos, Ioannis"]
[Result "1-0"]
[WhiteElo "1985"]
[BlackElo "1656"]
[PlyCount "85"]
[EventDate "2015.??.??"]
[WhiteTeam "SV Bergneustadt/Derschlag"]
[BlackTeam "SV Oberursel"]

1. d4 d5 2. Nf3 Nf6 3. e3 Bg4 4. h3 Bh5 5. g4 Bg6 6. Ne5 e6 7. h4 h6 8. Nxg6
fxg6 9. Bd3 Kf7 10. Qf3 Qe8 11. g5 hxg5 12. hxg5 Rxh1+ 13. Qxh1 Nfd7 14. Qh7
Bb4+ 15. c3 Nf8 16. Qh1 Bd6 17. e4 c6 18. e5 Bc7 19. Nd2 Nbd7 20. Nf3 c5 21.
Bd2 Rc8 22. Rc1 a6 23. Bb1 b5 24. Nh4 Bb8 25. Qf3+ Kg8 26. Qd3 Kh7 27. Ke2 cxd4
28. Rh1 Nxe5 29. Nxg6+ Kg8 30. Rh8+ Kf7 31. Nxe5+ Bxe5 32. cxd4 Bd6 33. Qh3 Qc6
34. Qf3+ Ke7 35. g6 Qe8 36. Rg8 Kd8 37. Bg5+ Kc7 38. Rxg7+ Kb8 39. Qf7 Qxf7 40.
Rxf7 e5 41. Bf5 Re8 42. g7 exd4+ 43. Kd3 1-0

[Event "Sparkassen-Open A"]
[Site "Heusenstamm, Martinsee"]
[Date "2015.11.27"]
[Round "3.59"]
[White "Leichum, Engelbert"]
[Black "Kuhn, Gerhard"]
[Result "0-1"]
[WhiteElo "1670"]
[BlackElo "1969"]
[PlyCount "82"]
[EventDate "2015.??.??"]
[WhiteTeam "vereinslos"]
[BlackTeam "SK Marburg"]

1. e4 c6 2. Nf3 d5 3. exd5 cxd5 4. Nc3 Nc6 5. d4 Bg4 6. h3 Bxf3 7. Qxf3 e6 8.
Bb5 Nf6 9. Bg5 Be7 10. O-O O-O 11. Ne2 Qb6 12. Bxc6 bxc6 13. b3 h6 14. Bh4 c5
15. Rad1 Rac8 16. c3 a5 17. Qd3 Rfe8 18. f4 Ne4 19. Bxe7 Rxe7 20. dxc5 Qxc5+
21. Kh2 Nf2 22. Qf3 Nxd1 23. Rxd1 Qc7 24. Qg4 a4 25. Rd3 axb3 26. axb3 Ra8 27.
Rg3 g6 28. h4 Kh7 29. h5 Rg8 30. Nd4 Ree8 31. Rh3 g5 32. Qe2 Qxf4+ 33. Kg1 Ra8
34. Rf3 Ra1+ 35. Kf2 Qh4+ 36. Rg3 Rga8 37. Qd3+ Kg8 38. Ne2 R8a2 39. Kf3 Rf1+
40. Ke3 Re1 41. b4 Qf4# 0-1

[Event "Sparkassen-Open A"]
[Site "Heusenstamm, Martinsee"]
[Date "2015.11.27"]
[Round "3.61"]
[White "Büse, Ralf"]
[Black "Köllner, Aaron Noah"]
[Result "1-0"]
[WhiteElo "1962"]
[BlackElo "1632"]
[PlyCount "61"]
[EventDate "2015.??.??"]
[WhiteTeam "SC GroßZimmern"]
[BlackTeam "SV Bergneustadt/Derschlag"]

1. d4 c5 2. d5 d6 3. e4 e6 4. Nc3 Be7 5. Nf3 Nf6 6. Be2 O-O 7. O-O b6 8. dxe6
fxe6 9. e5 Ne8 10. exd6 Bxd6 11. Bc4 Na6 12. Qe2 Nac7 13. Bg5 Nf6 14. Rad1 Bb7
15. Bxf6 Rxf6 16. Ne4 Bxe4 17. Qxe4 Qe7 18. h3 Raf8 19. Qc6 Ne8 20. Ng5 Kh8 21.
Ne4 Rf4 22. g3 Rxe4 23. Qxe4 Qg5 24. Bxe6 Bxg3 25. fxg3 Qxg3+ 26. Qg2 Qe3+ 27.
Kh1 Rxf1+ 28. Rxf1 Qxe6 29. Rf8+ Qg8 30. Rxg8+ Kxg8 31. Qa8 1-0

[Event "Sparkassen-Open A"]
[Site "Heusenstamm, Martinsee"]
[Date "2015.11.27"]
[Round "3.62"]
[White "Donchenko, Anatoly"]
[Black "Füssel, Jan Michael"]
[Result "1/2-1/2"]
[WhiteElo "2323"]
[BlackElo "1788"]
[PlyCount "79"]
[EventDate "2015.??.??"]
[WhiteTeam "SK Gießen"]
[BlackTeam "VSG Offenbach"]

1. d4 d5 2. c4 e6 3. Nf3 Nf6 4. g3 Be7 5. Bg2 O-O 6. O-O c6 7. Nbd2 Nbd7 8. Qc2
Qc7 9. e4 dxe4 10. Nxe4 Nxe4 11. Qxe4 Nf6 12. Qc2 c5 13. Bf4 Bd6 14. Bxd6 Qxd6
15. Rfd1 Bd7 16. a3 Bc6 17. dxc5 Qxc5 18. b4 Qb6 19. Ne5 Bxg2 20. Kxg2 Rfd8 21.
Rxd8+ Rxd8 22. Rd1 Rxd1 23. Qxd1 Ne4 24. c5 Qc7 25. Nc4 Kf8 26. Qd3 Nf6 27.
Qd6+ Qxd6 28. Nxd6 b6 29. c6 Nd5 30. b5 Ke7 31. Nc8+ Kd8 32. Nd6 Ke7 33. Nc4
Nc3 34. a4 Nxa4 35. Ne5 Kd6 36. Nxf7+ Kc7 37. Ng5 Nc5 38. Nxh7 a6 39. bxa6 Nxa6
40. Ng5 1/2-1/2

[Event "Sparkassen-Open A"]
[Site "Heusenstamm, Martinsee"]
[Date "2015.11.27"]
[Round "3.63"]
[White "Kalepky, Helmut"]
[Black "Illenberger, Dirk"]
[Result "1/2-1/2"]
[WhiteElo "2064"]
[BlackElo "1746"]
[PlyCount "91"]
[EventDate "2015.??.??"]
[WhiteTeam "SF Heidesheim"]
[BlackTeam "FV Berkersheim"]

1. e4 c5 2. Nf3 g6 3. d3 Bg7 4. g3 Nc6 5. Bg2 d6 6. c3 Nf6 7. O-O O-O 8. Qe2
Bg4 9. h3 Bxf3 10. Bxf3 Nd7 11. Bg2 Rc8 12. Na3 a6 13. Nc2 b5 14. a3 a5 15. Be3
b4 16. axb4 axb4 17. Bd2 Qb6 18. Ne3 Qb5 19. Nc4 Nde5 20. f4 Nxc4 21. dxc4 Qb6
22. Qd3 Ra8 23. Rxa8 Rxa8 24. Kh2 Ra2 25. Qb1 b3 26. Rd1 Na5 27. Bf1 Qc6 28.
Kg1 Qa4 29. Qd3 Rxb2 30. e5 dxe5 31. Qd8+ Bf8 32. fxe5 Rxd2 33. Qxd2 Nxc4 34.
Qf4 b2 35. Re1 Qa1 36. Rxa1 bxa1=Q 37. Qxc4 e6 38. Qd3 Qe1 39. c4 Qxe5 40. Kg2
h5 41. h4 Bd6 42. Kh3 Kg7 43. Bg2 Bc7 44. Bc6 Qe1 45. Qf3 Be5 46. Be8 1/2-1/2

[Event "Sparkassen-Open A"]
[Site "Heusenstamm, Martinsee"]
[Date "2015.11.27"]
[Round "3.64"]
[White "Held, Maurice"]
[Black "Budde, Michael"]
[Result "0-1"]
[WhiteElo "1804"]
[BlackElo "1903"]
[PlyCount "54"]
[EventDate "2015.??.??"]
[WhiteTeam "SC Ladja Roßdorf"]
[BlackTeam "SC Flörsheim"]

1. c4 Nf6 2. Nf3 g6 3. g3 Bg7 4. Bg2 O-O 5. Nc3 d6 6. O-O e5 7. d3 c6 8. Bd2
Na6 9. Rb1 Re8 10. b4 e4 11. dxe4 Nxe4 12. Nxe4 Rxe4 13. b5 cxb5 14. cxb5 Nc5
15. Be3 Na4 16. Bd4 Rxd4 17. Nxd4 Nc3 18. Qd3 Bxd4 19. Rb2 Qb6 20. e3 Bg7 21.
Rc1 Bf5 22. Qf1 a6 23. Rxc3 Bxc3 24. Rb3 Bf6 25. bxa6 Qxa6 26. Qxa6 Rxa6 27.
Rxb7 Rxa2 0-1

[Event "Sparkassen-Open A"]
[Site "Heusenstamm, Martinsee"]
[Date "2015.11.27"]
[Round "3.65"]
[White "Kube, Jens"]
[Black "Theuer, Carsten"]
[Result "1/2-1/2"]
[WhiteElo "1890"]
[BlackElo "1788"]
[PlyCount "68"]
[EventDate "2015.??.??"]
[WhiteTeam "SC Steinbach"]
[BlackTeam "VSG Offenbach"]

1. e4 e6 2. d4 d5 3. Nc3 Nf6 4. e5 Nfd7 5. f4 c5 6. Nf3 Nc6 7. Be3 Qb6 8. a3 a6
9. Be2 c4 10. b3 cxb3 11. cxb3 Be7 12. O-O O-O 13. f5 Ndb8 14. Bd3 Qd8 15. f6
gxf6 16. Bh6 f5 17. Qe1 Kh8 18. Bxf8 Qxf8 19. Ne2 Bxa3 20. Qh4 Be7 21. Qh5 Qg7
22. Nf4 Nb4 23. Ne1 Nd7 24. Rf3 Nf8 25. Rc1 Nc6 26. Nc2 Bd7 27. Rg3 Ng6 28. Qf3
Qh6 29. Nxg6+ fxg6 30. Qf1 Rc8 31. Rh3 Qg7 32. Be2 Bg5 33. Rd1 Be7 34. Rc1 Bg5
1/2-1/2